|
|
|
|
| LEADER |
02915cam a22003737a 4500 |
| 001 |
10065751 |
| 003 |
GR-PaULI |
| 005 |
20230515112540.0 |
| 008 |
080311s2007 gr f 0 gre d |
| 952 |
|
|
|0 0
|1 0
|4 0
|6 709_040000000000000_ΝΤΑ
|7 0
|9 65513
|a ARCH
|b ARCH
|d 2016-04-24
|i 005565
|l 0
|o 709.04 ΝΤΑ
|p 025000157312
|r 2016-04-24 00:00:00
|t 1
|w 2016-04-24
|y BK15
|
| 952 |
|
|
|0 0
|1 0
|4 0
|6 709_040000000000000_ΝΤΑ
|7 0
|9 65514
|a ARCH
|b ARCH
|d 2016-04-24
|i 005566
|l 0
|o 709.04 ΝΤΑ
|p 025000157311
|r 2016-04-24 00:00:00
|t 2
|w 2016-04-24
|y BK15
|
| 952 |
|
|
|0 0
|1 0
|4 0
|6 709_040000000000000_ΝΤΑ
|7 0
|9 65515
|a ARCH
|b ARCH
|d 2016-04-24
|i 005567
|l 0
|o 709.04 ΝΤΑ
|p 025000157310
|r 2016-04-24 00:00:00
|t 3
|w 2016-04-24
|y BK15
|
| 952 |
|
|
|0 0
|1 0
|2 ddc
|4 0
|6 701_000000000000000_ΝΤΑ
|7 0
|9 213718
|a LISA
|b LISA
|c BSC
|d 2017-07-04
|i 2788
|l 0
|o 701 ΝΤΑ
|p 026000278686
|r 2017-07-04 00:00:00
|t 4
|w 2017-07-04
|y BK15
|
| 999 |
|
|
|c 42054
|d 42054
|
| 020 |
|
|
|a 9606309940
|
| 040 |
|
|
|a GR-PaULI
|c GR-PaULI
|b gre
|d GR-AiPI
|e AACR2
|
| 082 |
0 |
4 |
|a 709.04
|
| 082 |
0 |
4 |
|a 701
|2 23
|
| 100 |
1 |
|
|a Ντάφλος, Κώστας
|d 1971-
|9 59226
|e συγγραφέας
|
| 245 |
1 |
0 |
|a Εγχειρίδιο, τρέχουσες εικαστικές διαλογικές εγκαταστάσεις 00_06, πλάνα διαλογικών εγκατάστασεων /
|c επιμέλεια Κώστας Ντάφλος.
|
| 246 |
1 |
1 |
|a Handbook
|b recent robotic interactive installations
|
| 260 |
|
|
|a Αθήνα :
|b Παπασωτηρίου,
|c 2007.
|
| 300 |
|
|
|a ποικ/λη σελ/μηση :
|b εικ., σχήμ. ;
|c 25 εκ.
|
| 500 |
|
|
|a Η παρούσα έκδοση αποτελείται από δύο μέρη. Το πρώτο μέρος (Τρέχουσες εικαστικές διαλογικές εγκαταστάσεις 00_06) γράφει και επιμελείται ο Κώστας Ντάφλος. Το δεύτερο μέρος (Πλάνα διαλογικών εγκαταστάσεων )
προλογίζει ο Κώστας Ντάφλος και περιέχει κείμενα διαφόρων συγγραφέων. Δύο έργα με διαφορετική σελιδαρίθμηση και αντίστροφα τοποθετημένα στο ίδιο βιβλίο .
|
| 504 |
|
|
|a Περιλαμβάνει βιβλιογραφικές παραπομπές.
|
| 650 |
|
4 |
|a Εγκαταστάσεις (Τέχνη)
|9 166635
|
| 650 |
|
4 |
|a Ρομποτική
|9 796
|
| 650 |
|
4 |
|a Τέχνη και τεχνολογία
|9 22515
|
| 852 |
|
|
|a GR-PaULI
|b ΠΑΤΡΑ
|b ΑΡΧΙΤΕΚΤΟΝΙΚΗ
|k ΑΣΧΕ-2
|h 709.04 ΝΤΑ
|m 005565
|p 025000157312
|t 1
|
| 852 |
|
|
|a GR-PaULI
|b ΠΑΤΡΑ
|b ΑΡΧΙΤΕΚΤΟΝΙΚΗ
|k ΑΣΧΕ-2
|h 709.04 ΝΤΑ
|m 005566
|p 025000157311
|t 2
|
| 852 |
|
|
|a GR-PaULI
|b ΠΑΤΡΑ
|b ΑΡΧΙΤΕΚΤΟΝΙΚΗ
|k ΑΣΧΕ-2
|h 709.04 ΝΤΑ
|m 005567
|p 025000157310
|t 3
|
| 942 |
|
|
|2 ddc
|c BK15
|
| 998 |
|
|
|c Λοτσάρη
|d 2008-03
|
| 998 |
|
|
|c ΜΙΧΟΣΤΑΥΡΟΥ
|d 2017-07
|